00490nam a22001457a 4500082001500000100002900015245004400044260004500088300001800133526003700151650001300188942001200201999001900213952011200232 a573.3bKEI aKeith, Sir Arthur949870 aThe Antiquity of Manc Sir Arthur,Keith aLondonbWilliams and Norgate, LTD.c1925 axxxii, 376p.: a0b0c0d573_300000000000000_KEI aMCE9379 2ddccBK c552613d552613 00102ddc4070aMCEbMCEcArchive Sectiond2015-01-20l0o573.3 KEIpMCE-ECA/1r2015-01-20w2015-01-20yBK